Famous Kens Quiz - Statistics

General Stats
  • This quiz has been taken 118 times
  • The average score is 8 of 20
Answer Stats
Hint Answer % Correct
Known for its "Fried chicken" Kentucky
80%
NASA space launch site in Florida {Kennedy} Space Center
78%
Singer of "The Gambler" Kenny Rogers
74%
British East Africa, formerly Kenya
68%
London borough where the Royal Albert Hall is situated Kensington
60%
Dictator of Zambia 1964–1991, still alive today at age 96 Kenneth Kaunda
52%
74x Jeopardy Champion Ken Jennings
48%
Kylie and Khloé's sister Kendall Jenner
45%
5x Oscar-nominated actor who starred in Hamlet (1996) Kenneth Branagh
41%
Where four Vietnam War protestors were killed in 1970 Kent State
35%
Was in a duo with Jim Messina Kenny Loggins
32%
"Money Tree" rapper Kendrick Lamar
31%
Former Marines slugger nicknamed "Junior" Ken Griffey Jr.
24%
Wisconsin city where Jacob Blake was shot and injured Kenosha
23%
There goes this country singer's life Kenny Chesney
22%
SNL cast member since 2003 Kenan Thompson
19%
Star of "The Last Samurai" Ken Watanabe
18%
LSD-influenced author who led the Merry Pranksters Ken Kesey
16%
Scottish soccer player with 102 caps Kenny Dalglish
16%
British race driver portrayed in "Ford v Ferrari" Ken Miles
6%
No matching quizzes found
Score Distribution
Percent of People with Each Score
Percentile by Number Answered
Your Score History
You have not taken this quiz